| 000 | 01643nam a2200277 u 4500 | ||
|---|---|---|---|
| 001 | 000020445 | ||
| 003 | DO-SdBNP | ||
| 005 | 20250311111111.0 | ||
| 007 | ta | ||
| 008 | 100813s2016 dr 000 0 spa d | ||
| 020 | _a9789993445210 | ||
| 040 |
_aDO-SdBNP _bspa _cBNPHU |
||
| 082 | 4 |
_a001.42 _bB957p _222 |
|
| 100 | 1 |
_aBurgos, Rosa Francia _943118 |
|
| 245 | 1 | 3 |
_aEl proceso de investigación científica aplicado a áreas académicas / _cRosa Francia Burgos. |
| 260 |
_aSanto Domingo : _bSurco, _c2016. |
||
| 300 |
_a247 p. ; _c24 cm. |
||
| 500 | _aIncluye datos biográficos de la autora en la solapa de la cubierta | ||
| 504 | _aBibliografía : p. 240-247 | ||
| 505 | 0 |
_aPrimera parte : _tEl proceso de investigación -- _tConocimiento científico y ciencia -- _gCapítulo 1 -- _tProceso de investigación -- _gCapítulo 2 -- _tPlanificación de la investigación -- _gCapítulo 3 -- _tEl problema de investigación -- _gCapítulo 4 -- _tMarco Teórico Conceptual -- _gCapítulo 5 -- _tDiseño metodológico de la investigación -- _tSegunda parte : Ejecución o desarrollo de la investigación -- _gCapítulo 6 -- _tDesarrollo de la investigación -- _gCapítulo 7 -- _tProcedimiento para la selección de las unidades de la muestra 8 : Recolección de datos o trabajo de campo -- _ttercera parte -- _gCapítulo 8 -- _tRecolección de datos o trabajo de campo -- _gCapítulo 9 -- _tEl informe de investigación -- _gCapítulo 10 -- _tCuerpo o desarrollo del informe. |
|
| 590 | _aInventariado,2018/DG / | ||
| 650 | 1 | 0 |
_a Investigación _92 |
| 650 | 1 | 0 |
_a Ciencia - _xMetodología _93 |
| 910 | _aValidado. Control de calidad MFF | ||
| 942 |
_2ddc _cLBS1 |
||
| 999 |
_c19949 _d19949 |
||